Zakladateľ strany nového typu K 108. výročiu narodenia V. I. Lenina

Bibliographic Details
Main Author: Hulínová, Beáta (Author)
Format: Article
Language:Slovak
Subjects:

MARC

LEADER 00000nab a2200000 a 4500
001 vtls000316255
003 SK-MaSNL
005 20260303191316.0
008 111201c1978 xo 0 slo
015 |a SNBRB19rr/mm-uuuuu 
035 |a CL0006347 
040 |a SNKBUCL  |b slo  |c SNKBUCL  |e AACR2 
041 0 |a slo 
044 |a xo  |c SK 
080 |a 100  |2 1981 
080 |a 92 Lenin, Vladimír Iľjič  |2 1981 
100 1 |a Hulínová, Beáta  |4 aut  |9 1220530 
245 1 0 |a Zakladateľ strany nového typu  |b K 108. výročiu narodenia V. I. Lenina  |c Hulínová Beáta ; Beáta Hulínová 
600 1 7 |a Lenin, Vladimir Iľjič,  |d 1870-1924  |2 snkbucl  |9 101472 
655 7 |a články z novín a časopisov  |2 snkbucl  |9 267496 
700 1 |a Hulínová, Beáta  |4 aut  |9 1220530 
773 0 |t Východoslovenské noviny  |g Roč. 27, č. 95 (22. 4. 1978), s. 2 
850 |a Slovenská národná knižnica v Martine  |a MTA001 
852 |a SNK  |b KIS3GCP 
958 |a RK 
992 |a RBX 
999 |c 2140662  |d 2142592